| 000 | 00705nam a2200205Ii 4500 | ||
|---|---|---|---|
| 003 | JO-AjNU | ||
| 008 | 230605s9999||||xx |||||||||||||| ||und|| | ||
| 017 | _a30687 | ||
| 040 |
_aJO-AjNU _bara _erda _cJO-AjNU |
||
| 041 | _aara | ||
| 050 | 1 | 4 | _aBP190.5.J8.A27 1984 |
| 100 | 3 |
_aأبو فارس، محمد عبد القادر, _eauthor _917098 |
|
| 245 | 0 | 0 | _aالقضاء في الإسلام |
| 264 | 3 | 1 | _aعمان: دار الفرقان للنشر والتوزيع، 1984 |
| 300 |
_a255ص _bالمراجع ص 225-243 |
||
| 336 |
_atext _btxt _2rdacontent |
||
| 337 |
_aunmediated _bn _2rdamedia |
||
| 338 |
_avolume _bnc _2rdacarrier |
||
| 650 | 4 |
_aالقضاء في الاسلام- العقوبات _917099 |
|
| 999 |
_aA5210 _c8778 _d8778 |
||